000
00342 a2200157 4500
001
57845
020
_a
040
_c
Anchieta - Pituba
100
_a
Chuchill, Winston S.
240
1
0
_a
Sangue, suor e lágrimas
_l
por
245
1
0
_a
Sangue, suor e lágrimas
300
_a
252
362
0
_a
1971
650
4
_a
Ficção inglesa
942
_c
BK
999
_c
57845
_d
57845